Finančno-ekonomické aspekty hospodárenia Rozhlasu a televízie Slovenska bakalárska práca

Salvato in:
Dettagli Bibliografici
Autore principale: Rigotti, Michal
Ente Autore: Národohospodárska fakulta EU. Katedra financií
Altri autori: Neupauerová, Zuzana
Natura: Libro
Lingua:slovacco
Pubblicazione: Bratislava 2013
Tags: Aggiungi Tag
Nessun Tag, puoi essere il primo ad aggiungerne!!

MARC

LEADER 00000nbm a2200000 4500
001 0172526
005 20161109112058.5
041 0 |a slo 
044 |a SK 
245 1 0 |a Finančno-ekonomické aspekty hospodárenia Rozhlasu a televízie Slovenska  |b bakalárska práca  |c Michal Rigotti ; školiteľ: Zuzana Neupauerová 
264 1 |a Bratislava  |c 2013 
300 |a 44 s. 
100 1 |a Rigotti, Michal 
700 1 |a Neupauerová, Zuzana 
710 2 |a Národohospodárska fakulta EU. Katedra financií